000 00272nam a2200109Ia 4500
008 230907s9999||||xx |||||||||||||| ||und||
082 _a697.0021873
_bASH
245 0 _aAshrae standard 100-2018:
260 _aASHRAE,
_bAtlanta, GA :
_c2018
300 _a100 p.
942 _cBK
999 _c599503
_d599503